[Event "50th Rilton Cup 2022-23"]
[Site "Stockholm SWE"]
[Date "2022.12.27"]
[Round "1.45"]
[White "Souleidis, Georgios"]
[Black "Ostlund, Joar"]
[Result "1-0"]
[WhiteTitle "IM"]
[BlackTitle "CM"]
[WhiteElo "2410"]
[BlackElo "2212"]
[WhiteFideId "4206827"]
[BlackFideId "1735020"]
[EventDate "2022.12.27"]

1. e4 e5 2. Nf3 Nc6 3. Nc3 Nf6 4. d4 exd4 5. Nxd4 Bb4 6. Nxc6 bxc6 7. Bd3 d5 8.
exd5 cxd5 9. O-O O-O 10. h3 Be6 11. Nb5 c5 12. Bf4 c4 13. Be2 Qb6 14. Nd4 Bc5
15. Be3 Ne4 16. Bf3 Ng5 17. Bxg5 Bxd4 18. c3 Bc5 19. b4 cxb3 20. axb3 h6 21. Bf4
Bd6 22. Bxd6 Qxd6 23. Qd4 Rab8 24. b4 Qb6 25. Rfd1 Rfc8 26. Rxa7 Qxd4 27. Rxd4
Rxc3 28. Bxd5 Rd8 29. Ra8 Rcc8 30. Rxc8 Rxc8 31. Bxe6 Rc1+ 32. Kh2 fxe6 33. Rd7
Rb1 34. Rb7 Kh7 35. b5 Kg6 36. b6 Rb2 37. f3 h5 38. h4 Kh7 39. Kg1 Rb4 40. g3 e5
41. Kf2 e4 42. fxe4 Rxe4 43. Rc7 Rb4 44. b7 Kh6 45. Ke3 g5 46. Kd3 gxh4 47. gxh4
Kg6 48. Kc3 Rb1 49. Kd4 Kf5 50. Kd5 Rb4 51. Kc5 Rb1 52. Rg7 Kf6 53. Rh7 Kg6 54.
Rd7 Kf5 55. Rd5+ Ke6 56. Rd6+ Ke5 57. Rb6 Rc1+ 58. Kb5 Rb1+ 59. Kc6 1-0

[Event "50th Rilton Cup 2022-23"]
[Site "Stockholm SWE"]
[Date "2022.12.27"]
[Round "1.46"]
[White "Adithya A Chullikkad"]
[Black "Willow, Jonah B"]
[Result "1-0"]
[WhiteTitle "CM"]
[BlackTitle "IM"]
[WhiteElo "2206"]
[BlackElo "2409"]
[WhiteFideId "45078734"]
[BlackFideId "438804"]
[EventDate "2022.12.27"]

1. e4 c5 2. Nf3 e6 3. d4 cxd4 4. Nxd4 a6 5. a3 b5 6. Nc3 Bb7 7. Be3 Qc7 8. Bd3
Nf6 9. O-O b4 10. axb4 Bxb4 11. Ra4 Bxc3 12. Rc4 Qd8 13. bxc3 d5 14. Rb4 dxe4
15. Rxb7 exd3 16. cxd3 O-O 17. c4 Qc8 18. Qf3 Nbd7 19. Nc6 Kh8 20. Rfb1 a5 21.
Bd4 a4 22. Na7 Qd8 23. R1b5 a3 24. Qd1 Ne8 25. Qa1 a2 26. c5 e5 27. Nc6 Qf6 28.
Nxe5 Nxe5 29. Rb8 Nf3+ 30. gxf3 Qxd4 31. Qxd4 a1=Q+ 32. Qxa1 Rxa1+ 33. Kg2 Kg8
34. Rc8 Nf6 35. Rbb8 Nd7 36. c6 Rxc8 37. Rxc8+ Nf8 38. c7 Rc1 39. d4 g5 40. d5
Kg7 41. f4 Ng6 42. d6 Nh4+ 43. Kh3 Kh6 44. fxg5+ Kh5 45. Re8 Ng6 46. c8=Q Nf4+
47. Kg3 Ne2+ 48. Kf3 Nd4+ 49. Ke4 1-0

[Event "50th Rilton Cup 2022-23"]
[Site "Stockholm SWE"]
[Date "2022.12.27"]
[Round "1.47"]
[White "Akesson, Ralf"]
[Black "Mittelberger, Peter"]
[Result "1-0"]
[WhiteTitle "GM"]
[WhiteElo "2404"]
[BlackElo "2206"]
[WhiteFideId "1700120"]
[BlackFideId "1602942"]
[EventDate "2022.12.27"]

1. Nf3 g6 2. d4 Bg7 3. c4 Nf6 4. Nc3 O-O 5. e4 d6 6. h3 Nbd7 7. Be3 e5 8. d5 Nc5
9. Nd2 a5 10. g4 Ne8 11. h4 f5 12. g5 Nxe4 13. Ndxe4 fxe4 14. Bg2 Bf5 15. Nxe4
b6 16. Ng3 Qe7 17. h5 e4 18. Qd2 a4 19. a3 Qe5 20. Rb1 gxh5 21. Nxf5 Qxf5 22.
Rh4 Qe5 23. Bxe4 Bh8 24. Qd3 Rf7 25. Kd2 h6 26. Bg6 hxg5 27. Rxh5 Rf6 28. Bxe8 1-0

[Event "50th Rilton Cup 2022-23"]
[Site "Stockholm SWE"]
[Date "2022.12.27"]
[Round "1.48"]
[White "Ask, Josef"]
[Black "Derakhshani, Borna"]
[Result "0-1"]
[WhiteTitle "FM"]
[BlackTitle "FM"]
[WhiteElo "2202"]
[BlackElo "2400"]
[WhiteFideId "1704583"]
[BlackFideId "12518450"]
[EventDate "2022.12.27"]

1. e4 c6 2. c4 d5 3. cxd5 cxd5 4. exd5 Nf6 5. Nc3 Nxd5 6. d4 Nc6 7. Bc4 Be6 8.
Bb3 g6 9. Nf3 Bg7 10. O-O O-O 11. h3 Rc8 12. Re1 Nxc3 13. bxc3 Bd5 14. Rb1 e6
15. Ba3 Re8 16. Bxd5 Qxd5 17. Qe2 Qa5 18. Rb3 b6 19. Nd2 Qa4 20. Bb2 Na5 21. Rb5
Nb7 22. Rb4 Qd7 23. Qf3 Nd6 24. g4 Qb7 25. Qxb7 Nxb7 26. Ne4 Red8 27. Kg2 Nd6
28. Nxd6 Rxd6 29. f4 Rd5 30. Re2 0-1

[Event "50th Rilton Cup 2022-23"]
[Site "Stockholm SWE"]
[Date "2022.12.27"]
[Round "1.49"]
[White "Thorn, Eric"]
[Black "Harshad, S"]
[Result "1-0"]
[WhiteTitle "FM"]
[BlackTitle "FM"]
[WhiteElo "2397"]
[BlackElo "2202"]
[WhiteFideId "1710729"]
[BlackFideId "46616551"]
[EventDate "2022.12.27"]

1. d4 Nf6 2. c4 e6 3. Nf3 d5 4. g3 dxc4 5. Bg2 c5 6. O-O Nc6 7. Qa4 Bd7 8. Qxc4
b5 9. Qd3 c4 10. Qd1 Rc8 11. Bg5 Be7 12. Nbd2 O-O 13. a4 a6 14. axb5 axb5 15.
Qb1 h6 16. Bxf6 Bxf6 17. Ne4 Be7 18. Rd1 Qb6 19. b3 cxb3 20. Qxb3 Rfd8 21. d5
exd5 22. Rxd5 Nb4 23. Rxd7 Rxd7 24. Bh3 Rdc7 25. Bxc8 Rxc8 26. Ne5 Qe6 27. Qxe6
fxe6 28. Ra7 Nd5 29. Rb7 b4 30. Kg2 Kh7 31. h4 Rc7 32. Rb8 Nc3 33. h5 g5 34.
hxg6+ Kg7 35. Kf3 Bf6 36. Ng4 Nxe4 37. Kxe4 Rc4+ 38. Kf3 Bc3 39. Rb6 Rc7 40. Ne3
Kxg6 41. Rxe6+ Kh7 42. Rb6 Rf7+ 43. Kg2 Rd7 44. g4 Rd4 45. Kf3 Rd2 46. Nf5 Ra2
47. Rxh6+ Kg8 48. Rb6 Ra3 49. Ke4 Ra2 50. Kd3 Rd2+ 51. Ke3 Ra2 52. g5 Bd2+ 53.
Kf3 Bxg5 54. Rg6+ Kf7 55. Rxg5 Kf6 56. Rh5 Kg6 57. Ng3 Ra3+ 58. e3 b3 59. Rb5 1-0

[Event "50th Rilton Cup 2022-23"]
[Site "Stockholm SWE"]
[Date "2022.12.27"]
[Round "1.50"]
[White "Soderstrom, Adrian"]
[Black "Kilgus, Georg"]
[Result "0-1"]
[WhiteTitle "CM"]
[BlackTitle "IM"]
[WhiteElo "2202"]
[BlackElo "2389"]
[WhiteFideId "1745786"]
[BlackFideId "1606212"]
[EventDate "2022.12.27"]

1. d4 Nf6 2. c4 e6 3. Nf3 Bb4+ 4. Nbd2 b6 5. a3 Bxd2+ 6. Nxd2 Bb7 7. e3 O-O 8.
Bd3 c5 9. dxc5 bxc5 10. O-O a5 11. b3 d6 12. Bb2 Nbd7 13. Qc2 Qb6 14. Be2 Ne8
15. Rab1 f5 16. e4 f4 17. Bg4 Nc7 18. Bh3 Qc6 19. Rbd1 e5 20. f3 Nb6 21. a4 Bc8
22. Bxc8 Nxc8 23. Qd3 Rb8 24. Bc3 Qb6 25. Rb1 Ne7 26. Rb2 Ne6 27. Nb1 Nd4 28.
Na3 g5 29. Kh1 Rf6 30. Rg1 Rbf8 31. Nc2 Nec6 32. Ne1 Qd8 33. Bd2 h6 34. Bc3 R8f7
35. Bxd4 cxd4 36. Qd2 Rb7 37. Nd3 Nb4 38. Nxb4 Rxb4 39. Rgb1 Rf7 40. h3 Rfb7 41.
Kg1 h5 42. Kf1 g4 43. hxg4 hxg4 44. Ke2 Rh7 45. Kd3 Rh2 46. Qe1 Kf7 47. Rd2 Qb6
48. Qd1 d5 49. cxd5 gxf3 50. Rf2 fxg2 51. Qg4 Rxb3+ 52. Kc2 Rxb1 53. Qd7+ Kf8
54. Qf5+ Kg7 55. Qxe5+ Qf6 56. Qc7+ Kh6 57. Rxg2 Rxg2+ 58. Kxb1 d3 59. e5 d2 60.
Kc2 Qg6+ 0-1

[Event "50th Rilton Cup 2022-23"]
[Site "Stockholm SWE"]
[Date "2022.12.27"]
[Round "1.51"]
[White "Lopez Mulet, Inigo"]
[Black "Joel Paul Ganta"]
[Result "1-0"]
[WhiteTitle "IM"]
[WhiteElo "2389"]
[BlackElo "2183"]
[WhiteFideId "22235620"]
[BlackFideId "35066145"]
[EventDate "2022.12.27"]

1. d4 Nf6 2. c4 e6 3. g3 d5 4. Bg2 dxc4 5. Qa4+ Nbd7 6. Qxc4 a6 7. Qc2 c5 8. Nf3
cxd4 9. Nxd4 Bc5 10. Nb3 Ba7 11. O-O O-O 12. Bd2 Re8 13. Na3 Qe7 14. Nc4 e5 15.
Rad1 Nb6 16. Ne3 e4 17. Bc3 Ng4 18. Bd4 Nxe3 19. fxe3 Nd7 20. Bxa7 Rxa7 21. Qc7
Kf8 22. Nd4 Nf6 23. Qb8 b5 24. Nc6 Rb7 25. Qf4 Qc7 26. Rc1 Qxf4 27. exf4 Bg4 28.
e3 Nd5 29. Kf2 f5 30. Rc5 Rc7 31. Rfc1 Rec8 32. h3 Nb4 33. Ne5 Rxc5 34. Rxc5
Rxc5 35. Nd7+ Ke7 36. Nxc5 Bh5 37. a3 Nd5 38. Nxa6 Bf7 39. Bf1 Be8 40. Nc5 Kd6
41. Nb3 g6 42. Nd4 b4 43. axb4 Nxb4 44. g4 fxg4 45. hxg4 Bd7 46. g5 Kd5 47. b3
Kc5 48. Bc4 Nd5 49. Bxd5 Kxd5 50. Ke2 Bc8 51. Kd2 Ba6 52. Kc3 Bd3 53. Kb4 Ba6
54. Ka5 Bc8 55. Kb6 Bg4 56. Nc6 Bd7 57. Ne5 Bc8 58. b4 Bh3 59. Kc7 Bf1 60. Kd7
Be2 1-0

[Event "50th Rilton Cup 2022-23"]
[Site "Stockholm SWE"]
[Date "2022.12.27"]
[Round "1.52"]
[White "Levi, Netanel"]
[Black "Vestby-Ellingsen, Mads"]
[Result "1/2-1/2"]
[BlackTitle "IM"]
[WhiteElo "2179"]
[BlackElo "2389"]
[WhiteFideId "2815400"]
[BlackFideId "1520857"]
[EventDate "2022.12.27"]

1. e4 c5 2. Nf3 e6 3. d4 cxd4 4. Nxd4 Nc6 5. Nc3 Qc7 6. g3 a6 7. Bg2 h5 8. O-O
h4 9. Re1 hxg3 10. hxg3 d6 11. Nxc6 bxc6 12. e5 d5 13. Na4 Ne7 14. c4 Nf5 15.
Bd2 Be7 16. Rc1 Qd8 17. c5 Rb8 18. Nb6 Kf8 19. b4 Bb7 20. Qg4 g6 21. Bf3 Kg7 22.
Kg2 Qc7 23. Bg5 Rh7 24. Qf4 Bxg5 25. Qxg5 Qd8 26. Qxd8 Rxd8 27. Rh1 Rxh1 28.
Rxh1 f6 29. g4 Ne7 30. exf6+ Kxf6 31. Rh7 g5 32. Rh6+ Ng6 33. Rh7 Ne7 34. Rh6+
Ng6 35. Rh7 Ne7 1/2-1/2

[Event "50th Rilton Cup 2022-23"]
[Site "Stockholm SWE"]
[Date "2022.12.27"]
[Round "1.53"]
[White "Peyrer, Konstantin"]
[Black "Seo, Jung Hyun"]
[Result "1/2-1/2"]
[WhiteTitle "FM"]
[WhiteElo "2380"]
[BlackElo "2156"]
[WhiteFideId "1640879"]
[BlackFideId "1735667"]
[EventDate "2022.12.27"]

1. d4 d5 2. Nf3 Nf6 3. c4 e6 4. Nc3 Be7 5. Bf4 O-O 6. e3 b6 7. cxd5 Nxd5 8. Nxd5
Qxd5 9. Bd3 Ba6 10. O-O c5 11. e4 Qh5 12. Bxa6 Nxa6 13. Qa4 Nb4 14. Bd2 a5 15.
a3 Na6 16. Qb3 Qg6 17. Qxb6 Qxe4 18. Rfe1 Qd5 19. Re5 Rfb8 20. Qxb8+ Rxb8 21.
Rxd5 exd5 22. Re1 Kf8 23. Bc3 Bf6 24. Ne5 Bxe5 25. Rxe5 cxd4 26. Bxd4 Rb5 27. a4
Rb4 28. Rxd5 Rxa4 29. g3 Nc7 30. Bc5+ Ke8 31. Rh5 Ne6 32. Ba3 h6 33. Rb5 Nd8 34.
Re5+ Ne6 35. f4 Kd7 36. f5 Nd8 37. Re7+ Kc6 38. Re8 Kd7 39. Rg8 Rg4 40. Bf8 Rg5
41. Bxg7 Nc6 42. f6 h5 43. Rf8 Nd8 44. Bh6 Rb5 45. Bd2 Rxb2 46. Bxa5 Nc6 47. Bc3
Rc2 48. Rxf7+ Ke8 1/2-1/2

[Event "50th Rilton Cup 2022-23"]
[Site "Stockholm SWE"]
[Date "2022.12.27"]
[Round "1.54"]
[White "Loay, Sameer"]
[Black "Trost, Edvin"]
[Result "0-1"]
[WhiteTitle "IM"]
[BlackTitle "FM"]
[WhiteElo "2153"]
[BlackElo "2380"]
[WhiteFideId "8104239"]
[BlackFideId "1729519"]
[EventDate "2022.12.27"]

1. Nf3 d5 2. g3 Bg4 3. Bg2 c6 4. O-O Nd7 5. d3 e6 6. Nbd2 Bd6 7. h3 Bh5 8. e4
Ne7 9. c3 O-O 10. Re1 a5 11. d4 c5 12. exd5 Nxd5 13. Ne4 Be7 14. c4 N5f6 15.
Nxf6+ Nxf6 16. Be3 Qc7 17. dxc5 Bxc5 18. Bxc5 Qxc5 19. Qd4 Qc7 20. Ne5 Rfd8 21.
Qf4 Rac8 22. g4 Bg6 23. Nxg6 hxg6 24. Qxc7 Rxc7 25. b3 Kf8 26. Rad1 Rxd1 27.
Rxd1 Ke7 28. Kf1 g5 29. Ke2 Nd7 30. Ke3 Ne5 31. Be4 b6 32. f4 gxf4+ 33. Kxf4 f6
34. g5 Rc8 35. h4 Rh8 36. Rh1 Nf7 37. g6 e5+ 38. Ke3 Nd6 39. h5 f5 40. Bd5 Kf6
41. a3 f4+ 42. Kf3 Nf5 43. Be4 Ng3 44. Rd1 Rxh5 45. Rd6+ Kg5 46. Re6 Nxe4 47.
Rxe5+ Kxg6 48. Rxe4 Rf5 49. Rxf4 Kg5 50. Rxf5+ Kxf5 51. b4 a4 52. Ke3 Ke5 53.
Kd3 g5 54. Ke3 g4 55. Kf2 Kd4 56. c5 bxc5 57. b5 Kd5 0-1

[Event "50th Rilton Cup 2022-23"]
[Site "Stockholm SWE"]
[Date "2022.12.27"]
[Round "1.55"]
[White "Sawatzki, Frank"]
[Black "Priyanka, K"]
[Result "1-0"]
[WhiteTitle "FM"]
[BlackTitle "WIM"]
[WhiteElo "2369"]
[BlackElo "2146"]
[WhiteFideId "4613600"]
[BlackFideId "5082986"]
[EventDate "2022.12.27"]

1. e4 c5 2. Nf3 d6 3. d4 cxd4 4. Nxd4 Nf6 5. Nc3 a6 6. Be2 e5 7. Nf3 Be7 8. Bg5
Nbd7 9. a4 h6 10. Be3 Ng4 11. Bc1 Ngf6 12. Be3 Ng4 13. Bc1 Ngf6 14. Be3 Qc7 15.
Nd2 b6 16. O-O Bb7 17. Bc4 O-O 18. b3 Rad8 19. Qf3 Nc5 20. Rfd1 Kh8 21. Bxc5
dxc5 22. Qe2 Qc8 23. Nf1 Rd4 24. f3 Nh5 25. Ne3 Nf4 26. Qf1 g6 27. Ned5 Nxd5 28.
Bxd5 f5 29. Qe2 Bf6 30. Bxb7 Qxb7 31. Nd5 fxe4 32. fxe4 Bg5 33. g3 Rxd1+ 34.
Rxd1 h5 35. Rf1 Rxf1+ 36. Qxf1 Kg7 37. Qa1 Qb8 38. Qc3 Bd8 39. Kg2 Kh7 40. Qf3
Kg7 41. Qc3 Kh7 42. Qc4 Qb7 43. Nc3 Qd7 44. Qd5 Qe7 45. h4 g5 46. Qd1 Kh6 47.
Nd5 Qd6 48. hxg5+ Bxg5 49. Qf1 a5 50. Qf5 Bd8 51. Kf3 c4 52. bxc4 Bg5 53. c3 Bd8
54. Qf7 Bg5 55. Qe8 Bf6 56. g4 hxg4+ 57. Kxg4 Bd8 58. Kf5 Kh7 59. Qf7+ Kh8 60.
Nf6 1-0

[Event "50th Rilton Cup 2022-23"]
[Site "Stockholm SWE"]
[Date "2022.12.27"]
[Round "1.56"]
[White "Tulchynskyi, Feliks"]
[Black "Park, Evan"]
[Result "1/2-1/2"]
[BlackTitle "IM"]
[WhiteElo "2135"]
[BlackElo "2362"]
[WhiteFideId "34127895"]
[BlackFideId "30931142"]
[EventDate "2022.12.27"]

1. d4 f5 2. g3 Nf6 3. Bg2 g6 4. Nf3 Bg7 5. O-O O-O 6. c4 d6 7. Nc3 c6 8. Re1 Na6
9. b3 Ne4 10. Bb2 Qc7 11. Nd2 Nxc3 12. Bxc3 e5 13. dxe5 dxe5 14. e4 f4 15. Qe2
Nc5 16. Rad1 a5 17. Nf3 Qe7 18. h3 Bd7 19. Rd2 g5 20. Nh2 Qf7 21. Red1 b6 22.
Rd6 Rfe8 23. Bf3 Re6 24. Bg4 Rxd6 25. Rxd6 Qe7 26. Rd2 Bxg4 27. hxg4 Qe6 28. Kg2
Rf8 29. f3 Qg6 30. gxf4 Ne6 31. Kg1 Nxf4 32. Qd1 Qh6 33. Qf1 Qh4 34. Kh1 h5 35.
Qf2 Qh3 36. Kg1 hxg4 37. Nxg4 Ng6 38. Qg2 Qxf3 39. Qxf3 Rxf3 40. Bb2 Rf4 41. Nf2
Bf8 42. Bc1 g4 43. Rd3 Bc5 44. Bxf4 Nxf4 45. Kf1 Nxd3 46. Nxd3 Bd4 47. Kg2 Kf7
48. Kg3 Kg6 49. Kxg4 b5 50. a4 bxc4 51. bxc4 Kf6 52. Kh5 Be3 53. Kg4 Bd4 54. Nc1
Bc3 55. Nb3 Bb4 56. Kh5 Bc3 57. Nc5 Bb4 58. Nb3 1/2-1/2

[Event "50th Rilton Cup 2022-23"]
[Site "Stockholm SWE"]
[Date "2022.12.27"]
[Round "1.57"]
[White "Eggleston, David J"]
[Black "Mahitosh, Dey"]
[Result "1-0"]
[WhiteTitle "IM"]
[BlackTitle "FM"]
[WhiteElo "2359"]
[BlackElo "2134"]
[WhiteFideId "412120"]
[BlackFideId "25091468"]
[EventDate "2022.12.27"]

1. e4 e5 2. Nf3 Nf6 3. Nxe5 d6 4. Nf3 Nxe4 5. Nc3 Nxc3 6. dxc3 Be7 7. Be3 Nc6 8.
Qd2 Be6 9. O-O-O Qd7 10. Kb1 Bf6 11. h4 O-O-O 12. Bg5 Bxg5 13. hxg5 Bg4 14. Rh4
f5 15. gxf6 gxf6 16. Qf4 f5 17. Bd3 Ne7 18. Qd4 c5 19. Qf6 h5 20. Re1 Rde8 21.
Rhh1 Nd5 22. Qg5 Rhg8 23. Qd2 Nb6 24. c4 d5 25. Ne5 Qg7 26. Qf4 Re6 27. Nxg4
Rxe1+ 28. Rxe1 fxg4 29. Bf5+ Nd7 30. Qd6 Kd8 31. Qxd5 Re8 32. Rd1 Re7 33. Qxb7
Qd4 34. Qa8+ Kc7 35. Qxa7+ Kd8 36. Qa5+ 1-0

[Event "50th Rilton Cup 2022-23"]
[Site "Stockholm SWE"]
[Date "2022.12.27"]
[Round "1.58"]
[White "Goh, Zi Han"]
[Black "Rietze, Clemens"]
[Result "1-0"]
[WhiteTitle "CM"]
[BlackTitle "FM"]
[WhiteElo "2126"]
[BlackElo "2359"]
[WhiteFideId "5819156"]
[BlackFideId "24620351"]
[EventDate "2022.12.27"]

1. d4 d5 2. c4 e6 3. Nf3 Nf6 4. g3 Bb4+ 5. Nbd2 O-O 6. Bg2 dxc4 7. O-O b5 8. a4
c6 9. Ne1 Nd5 10. Nc2 Be7 11. e4 Nb6 12. a5 N6d7 13. e5 Bb7 14. Ne4 Na6 15. Qg4
Kh8 16. Ng5 Bxg5 17. Bxg5 Qe8 18. Qh4 f6 19. exf6 gxf6 20. Bf4 Qf7 21. Rae1 Rae8
22. Bf3 Ba8 23. Bh5 Qg7 24. Bxe8 Rxe8 25. Ne3 Qg6 26. Bd6 c5 27. Rd1 Qe4 28.
Qxe4 Bxe4 29. Rfe1 Bf3 30. Rd2 Kg8 31. Nc2 Kf7 32. Re3 Bd5 33. dxc5 Ndxc5 34.
Bxc5 Nxc5 35. Nb4 Rd8 36. Rd1 Rd6 37. f4 Na6 38. Nc2 Rd7 39. b3 Rc7 40. bxc4
Rxc4 41. Nd4 b4 42. f5 e5 43. Nb5 Rc5 44. Red3 Bc6 45. Nxa7 Ba4 46. Ra1 b3 47.
Rxa4 b2 48. Rb3 Rc1+ 49. Kg2 b1=Q 50. Rxb1 Rxb1 51. Nc8 Rb2+ 52. Kh3 Ke8 53. Rh4
Kd7 54. Nb6+ Kc6 55. Rxh7 e4 56. Re7 Nc5 57. Nc4 Rf2 58. a6 Rxf5 59. a7 Rh5+ 60.
Kg4 Rh8 61. Kf5 Ra8 62. Kxf6 e3 63. Nxe3 Nd7+ 64. Kf5 Rxa7 65. h4 Ra5+ 66. Kf4
Nf8 67. Re8 Ng6+ 68. Kg4 Kd7 69. Re4 Ne5+ 70. Kh3 Nf3 71. Rf4 Ne5 72. Nc4 Nxc4
73. Rxc4 Ke6 74. Rf4 1-0

[Event "50th Rilton Cup 2022-23"]
[Site "Stockholm SWE"]
[Date "2022.12.27"]
[Round "1.59"]
[White "Nandhidhaa, P V"]
[Black "Mierins, Emils Janis"]
[Result "1-0"]
[WhiteTitle "WGM"]
[WhiteElo "2358"]
[BlackElo "2118"]
[WhiteFideId "5050847"]
[BlackFideId "11616830"]
[EventDate "2022.12.27"]

1. e4 c6 2. d4 d5 3. exd5 cxd5 4. Bd3 Nc6 5. c3 Nf6 6. Bf4 Bg4 7. Qb3 Qd7 8. Nd2
e6 9. Ngf3 Bxf3 10. Nxf3 Bd6 11. Bxd6 Qxd6 12. O-O O-O 13. Rfe1 Rab8 14. a4 Nd7
15. Qc2 h6 16. Re3 Rbc8 17. Qe2 Na5 18. Ne5 Nxe5 19. dxe5 Qc7 20. Rg3 Nc4 21.
Re1 Kh8 22. Bb1 Qe7 23. Rh3 Qg5 24. b3 Nb6 25. Rh5 Qe7 26. Qd3 g6 27. Rxh6+ Kg7
28. Rxg6+ fxg6 29. Qxg6+ Kh8 30. Qh6+ Kg8 31. Re3 Rf7 32. Rg3+ Rg7 33. Qh7+ 1-0

[Event "50th Rilton Cup 2022-23"]
[Site "Stockholm SWE"]
[Date "2022.12.27"]
[Round "1.60"]
[White "Sadekov, Maksim"]
[Black "Aarav, Dengla"]
[Result "0-1"]
[BlackTitle "FM"]
[WhiteElo "2113"]
[BlackElo "2357"]
[WhiteFideId "4508912"]
[BlackFideId "45059756"]
[EventDate "2022.12.27"]

1. d4 d5 2. c4 dxc4 3. e3 Nf6 4. Bxc4 e6 5. Nf3 a6 6. a4 c5 7. O-O Qc7 8. Qe2
Nbd7 9. a5 Bd6 10. h3 O-O 11. Bd2 Ne4 12. Bc3 Ndf6 13. Nbd2 Bd7 14. Rfc1 Nxc3
15. bxc3 cxd4 16. cxd4 Rac8 17. Nb3 Bc6 18. Bd3 Nd5 19. Be4 Nf6 20. Bd3 Nd5 21.
Bc4 Qe7 22. e4 Nf4 23. Qe3 Ng6 24. g3 Rc7 25. h4 Rfc8 26. Bd3 Nf8 27. Nc5 Be8
28. Rab1 e5 29. Nb3 exd4 30. Nbxd4 Bc5 31. Nf5 Qd8 32. Qd2 Bb4 33. Rxb4 Rxc1+
34. Kg2 R1c7 35. Qb2 Ne6 36. Bb1 Qd1 37. Rxb7 Rxb7 38. Qxb7 Rc1 39. Nh2 Rxb1 40.
Qe7 Qd7 41. Qa3 Rb7 42. Ng4 h5 43. Ne5 Qa4 44. Qf3 f6 45. Nd6 Re7 46. Nec4 Nc5
47. Nf5 Re6 0-1

[Event "50th Rilton Cup 2022-23"]
[Site "Stockholm SWE"]
[Date "2022.12.27"]
[Round "1.61"]
[White "Gungl, Theo"]
[Black "Arhan, Chethan Anand"]
[Result "1-0"]
[WhiteTitle "IM"]
[WhiteElo "2352"]
[BlackElo "2112"]
[WhiteFideId "24695653"]
[BlackFideId "45062510"]
[EventDate "2022.12.27"]

1. d4 d5 2. c4 c6 3. Nc3 Nf6 4. Nf3 e6 5. Bg5 Nbd7 6. e3 Qa5 7. Nd2 Bb4 8. Qc2
dxc4 9. Bxf6 Nxf6 10. Nxc4 Qc7 11. Be2 O-O 12. O-O b6 13. Ne5 Bd6 14. f4 Bb7 15.
Rac1 Qe7 16. Bf3 Nd5 17. Bxd5 exd5 18. Rf3 c5 19. Rh3 g6 20. Rf1 Bxe5 21. fxe5
f6 22. exf6 Rxf6 23. Rxf6 Qxf6 24. Rf3 Qe6 25. Qf2 Re8 26. h3 Kg7 27. Nb5 Re7
28. Qg3 Bc6 29. Nd6 Kh8 30. Qf4 Qg8 31. Nf7+ Rxf7 32. Qxf7 Qxf7 33. Rxf7 cxd4
34. exd4 a6 35. Rf6 Bb5 36. Rxb6 Kg7 37. Rd6 Bc4 38. b3 1-0

[Event "50th Rilton Cup 2022-23"]
[Site "Stockholm SWE"]
[Date "2022.12.27"]
[Round "1.62"]
[White "Gomez Aguirre, Juan Alberto"]
[Black "Koykka, Pekka"]
[Result "0-1"]
[BlackTitle "IM"]
[WhiteElo "2108"]
[BlackElo "2351"]
[WhiteFideId "54587867"]
[BlackFideId "504319"]
[EventDate "2022.12.27"]

1. d4 f5 2. g3 Nf6 3. Bg2 g6 4. Nf3 Bg7 5. O-O O-O 6. c4 d6 7. Nc3 Nc6 8. d5 Na5
9. Qc2 Nxc4 10. Nb5 a6 11. Qxc4 axb5 12. Qxb5 Bd7 13. Qxb7 Rb8 14. Qa6 Nxd5 15.
Qc4 e6 16. Ng5 c6 17. e4 Rb4 18. Qc2 fxe4 19. Nxe4 Qc7 20. Rb1 Rfb8 21. a3 Rb3
22. Nd2 R3b7 23. Re1 Ra7 24. b4 Nc3 25. Rb3 Nb5 26. Bb2 Nd4 27. Bxd4 Bxd4 28.
Bh3 e5 29. Bxd7 Qxd7 30. Nf3 Bb6 31. Qc4+ d5 32. Qc2 e4 33. Ne5 Qd6 34. Nxc6 Rc7
35. b5 Rf8 36. Re2 Rcf7 37. Qd1 Rxf2 38. Rxf2 Rxf2 39. Kh1 d4 40. Qg4 e3 41.
Qc8+ Rf8 42. Qg4 Qd5+ 43. Kg1 Qxb3 44. Ne7+ Kg7 0-1

[Event "50th Rilton Cup 2022-23"]
[Site "Stockholm SWE"]
[Date "2022.12.27"]
[Round "1.63"]
[White "Lindberg, Bengt"]
[Black "Delgerdalai, Bayarjavkhlan"]
[Result "1-0"]
[WhiteTitle "IM"]
[WhiteElo "2349"]
[BlackElo "2100"]
[WhiteFideId "1700359"]
[BlackFideId "23727276"]
[EventDate "2022.12.27"]

1. e4 c5 2. Nf3 d6 3. d4 cxd4 4. Nxd4 Nf6 5. Nc3 a6 6. Be2 e5 7. Nb3 Be7 8. Be3
Be6 9. Nd5 Nbd7 10. Qd3 Rc8 11. c4 O-O 12. O-O Ng4 13. Bd2 Kh8 14. h3 Ngf6 15.
Rad1 Ne8 16. Bb4 f5 17. exf5 Bxf5 18. Qc3 b6 19. Nxe7 Qxe7 20. Qe3 Nc5 21. Nxc5
bxc5 22. Bc3 Rc7 23. Qd2 Rd7 24. f4 e4 25. Qe3 Nc7 26. g4 Bg6 27. f5 Be8 28. g5
Kg8 29. Bg4 Qd8 30. f6 Rdf7 31. Qg3 g6 32. Rxd6 Qb8 33. Kh2 e3 34. Re1 Ba4 35.
b3 Bxb3 36. axb3 Qxb3 37. Ba5 Qa2+ 38. Re2 Qxa5 39. Qxe3 Qb4 40. Qf4 Qb8 41. Rc6
a5 42. Rxc5 a4 43. Ra5 Qb4 44. Rae5 a3 45. Qd4 Rb8 46. Be6 Nxe6 47. Rxe6 Qb2 48.
Qd5 Kh8 49. Rxb2 axb2 50. Re1 1-0

[Event "50th Rilton Cup 2022-23"]
[Site "Stockholm SWE"]
[Date "2022.12.27"]
[Round "1.64"]
[White "Grahn, Vidar"]
[Black "Van Dael, Siem"]
[Result "1-0"]
[BlackTitle "FM"]
[WhiteElo "1980"]
[BlackElo "2345"]
[WhiteFideId "1744780"]
[BlackFideId "1049771"]
[EventDate "2022.12.27"]

1. e4 g6 2. d4 Bg7 3. Nc3 e6 4. Be3 d5 5. e5 Ne7 6. f4 Nf5 7. Bf2 h5 8. Nf3 Nc6
9. Qd2 a6 10. a3 b6 11. Bd3 Nce7 12. Ne2 Bb7 13. g3 Rc8 14. c3 f6 15. Rg1 Nh6
16. Nh4 Nhf5 17. g4 hxg4 18. Rxg4 Nxh4 19. Bxh4 f5 20. Rxg6 Nxg6 21. Bxd8 Rxd8
22. Ng3 Rh4 23. Bxf5 Nxf4 24. O-O-O Kd7 25. Kb1 Rf8 26. Qf2 Nh3 27. Qg2 Nf4 28.
Qf2 Bc6 29. Ne2 Ng6 30. Qg3 Rxf5 31. Qxg6 Bf8 32. Ng3 Rf2 33. Rf1 Rxf1+ 34. Nxf1
Bb5 35. Ne3 Rxh2 36. Qf7+ Be7 37. Ng4 Bd3+ 38. Ka1 Rh1+ 39. Ka2 Kd8 40. Qg8+ Kd7
41. Nf6+ Bxf6 42. exf6 Bc4+ 43. b3 Rh2+ 44. Ka1 1-0

[Event "50th Rilton Cup 2022-23"]
[Site "Stockholm SWE"]
[Date "2022.12.27"]
[Round "1.65"]
[White "Sarkar, Justin"]
[Black "Guillo Longares, Cecilia"]
[Result "1-0"]
[WhiteTitle "IM"]
[BlackTitle "WFM"]
[WhiteElo "2343"]
[BlackElo "1941"]
[WhiteFideId "2010011"]
[BlackFideId "32082681"]
[EventDate "2022.12.27"]

1. d4 Nf6 2. c4 g6 3. Nc3 Bg7 4. e4 d6 5. Be2 O-O 6. Be3 Nbd7 7. Nf3 c5 8. d5
Ng4 9. Bg5 Rb8 10. Nd2 Ngf6 11. O-O a6 12. a4 e6 13. f4 Qc7 14. Bh4 exd5 15.
exd5 b6 16. g4 Bb7 17. Qc2 Ba8 18. f5 Ne5 19. g5 Nfg4 20. Bxg4 Nxg4 21. f6 Bh8
22. Rae1 Rfe8 23. Rxe8+ Rxe8 24. Re1 Rxe1+ 25. Bxe1 h6 26. Qe4 Ne5 27. h4 Bb7
28. Bg3 Qd7 29. Nf3 Nxf3+ 30. Qxf3 b5 31. axb5 Qe8 32. Qe4 Qc8 33. Qe7 Qa8 34.
b6 Qc8 35. Ne4 1-0